| 000 | 00467nam a2200193Ia 4500 | ||
|---|---|---|---|
| 005 | 20240823054031.0 | ||
| 008 | 240823s9999||||xx |||||||||||||| ||und|| | ||
| 020 | _a978-93-8226-473-6 | ||
| 041 | _aENGLISH | ||
| 082 | _A820.90 Q3 | ||
| 100 | _aAravindakshan T Y et al. | ||
| 245 | 0 | _aReading Literature in English | |
| 250 | _a1st | ||
| 260 |
_c2013 _bFoundation _aNew Delhi |
||
| 500 | _aYES | ||
| 650 |
_aEnglish _bEnglish |
||
| 942 | _cBK | ||
| 999 |
_c225518 _d225518 |
||